Loading...
| Fine Arts - Classical Music | 1 | 20.00 | 100% | 100% | 0% |
| Fine Arts - Other Fine Arts | 5 | 8.00 | 60% | 20% | 0% |
| Geography | 1 | 20.00 | 100% | 100% | 0% |
| History - American History | 6 | 13.33 | 100% | 33% | 0% |
| History - European History | 6 | 15.00 | 100% | 33% | 17% |
| History - Other History | 7 | 21.43 | 100% | 71% | 43% |
| History - World History | 4 | 17.50 | 100% | 50% | 25% |
| Literature - American Literature | 5 | 12.00 | 80% | 40% | 0% |
| Literature - British Literature | 2 | 15.00 | 100% | 50% | 0% |
| Literature - European Literature | 2 | 15.00 | 100% | 50% | 0% |
| Mythology | 3 | 13.33 | 100% | 33% | 0% |
| Painting/Sculpture | 4 | 12.50 | 75% | 50% | 0% |
| Philosophy | 3 | 16.67 | 33% | 100% | 33% |
| Pop Culture | 1 | 10.00 | 100% | 0% | 0% |
| Religion | 3 | 6.67 | 67% | 0% | 0% |
| Science - Biology | 5 | 18.00 | 100% | 60% | 20% |
| Science - Chemistry | 2 | 15.00 | 100% | 50% | 0% |
| Science - Other Science | 3 | 16.67 | 100% | 67% | 0% |
| Science - Physics | 4 | 12.50 | 100% | 25% | 0% |
| Social Science | 5 | 14.00 | 100% | 40% | 0% |